| 000 | 00491nam a22001697a 4500 | ||
|---|---|---|---|
| 003 | OSt0 | ||
| 020 | _a978184719184 | ||
| 040 | _c0 | ||
| 082 |
_222 _a005.7 |
||
| 100 | _aAspeli, Martin. | ||
| 245 |
_aProfessional plone development : _bbuilding robust, content-certric web applications with plone 3, an open source content management system / |
||
| 250 | _aNA | ||
| 260 |
_aU.K, _bPackt Publishing, _cc2007. |
||
| 300 |
_avii,398 p. ; _bill. ; _cNA |
||
| 942 |
_2ddc _cIT |
||
| 999 |
_c3951 _d3951 |
||
| 999 |
_c4193 _d4193 |
||